| 000 | 00354nam a2200145Ia 4500 | ||
|---|---|---|---|
| 008 | 150301s2014 xx 000 0 und d | ||
| 082 |
_a618.2 _bH14D |
||
| 100 | _aDAFTARY, SHIRISH N. | ||
| 245 | _aHOLLAND & BREWS MANUAL OF OBSTETRICS | ||
| 250 | _a3RD | ||
| 260 |
_bELSEVIER _aINDIA _c2014 |
||
| 300 | _a612 | ||
| 650 | _aOBST. & GYNE | ||
| 942 |
_2ddc _cBK |
||
| 999 |
_c6722 _d6722 |
||